[Event "OLNN 1617 SC Diogenes - SF Schwerin"]
[Site "?"]
[Date "2017.02.05"]
[Round "5.6"]
[White "Gottuk, Stefan"]
[Black "Grahl, Arvid"]
[Result "1-0"]
[WhiteElo "2194"]
[BlackElo "2195"]
[PlyCount "95"]
[EventDate "2017.??.??"]

1. e4 d6 2. d4 Nf6 3. Nc3 g6 4. Be3 Bg7 5. Qd2 O-O 6. Nf3 b6 7. Bh6 Bb7 8. Bxg7
Kxg7 9. Bd3 Nc6 10. Ne2 e5 11. d5 Ne7 12. c4 Bc8 13. h3 Nd7 14. g4 Nc5 15. Bc2
a5 16. b3 Kh8 17. Rg1 Ng8 18. Ng3 Bd7 19. Kf1 Qf6 20. Kg2 Qf4 21. Rae1 Qxd2 22.
Nxd2 Ne7 23. f3 f5 24. exf5 gxf5 25. Rgf1 Ng6 26. Kh2 fxg4 27. hxg4 Rf7 28. Ne2
Raf8 29. Kg3 Kg7 30. Rh1 h6 31. Rh2 e4 32. Nd4 Ne5 33. Bxe4 Nxe4+ 34. Rxe4 Rf6
35. Re3 Rg6 36. Re4 Rf7 37. Rh4 Kg8 38. Nf1 Rgf6 39. Nd2 Rg6 40. Re3 Kg7 41.
Ne4 Re7 42. Nf2 Re8 43. Re2 Rf8 44. f4 Nxg4 45. Nxg4 h5 46. Re7+ Rf7 47. Rxd7
Rxd7 48. Rxh5 1-0

[Event "OLNN 1617 SC Diogenes - SF Schwerin"]
[Site "?"]
[Date "2017.02.05"]
[Round "5.7"]
[White "Heinsohn, Wilfried"]
[Black "Laqua, Christian"]
[Result "1-0"]
[WhiteElo "2163"]
[BlackElo "2121"]
[PlyCount "57"]
[EventDate "2017.??.??"]

1. e4 Nf6 2. e5 Nd5 3. d4 d6 4. c4 Nb6 5. exd6 cxd6 6. Nc3 g6 7. Be3 Bg7 8. Rc1
O-O 9. b3 Bf5 10. Nf3 Bg4 11. Be2 Nc6 12. h3 Bxf3 13. Bxf3 e5 14. dxe5 dxe5 15.
O-O Nc8 16. Bc5 Re8 17. Nb5 Bf6 18. Re1 a6 19. Nc3 Bg5 20. Rc2 Qxd1 21. Rxd1
Rd8 22. Rxd8+ Bxd8 23. Rd2 Ba5 24. b4 Nxb4 25. Rd7 Nb6 26. Rxb7 Nd3 27. Bxb6
Bxc3 28. Rd7 e4 29. Rxd3 1-0

[Event "OLNN 1617 SC Diogenes - SF Schwerin"]
[Site "?"]
[Date "2017.02.05"]
[Round "5.8"]
[White "Neumann, Michael"]
[Black "Rittemann, Steffen"]
[Result "0-1"]
[WhiteElo "2191"]
[BlackElo "2149"]
[PlyCount "58"]
[EventDate "2017.??.??"]

1. e4 c5 2. Nf3 d6 3. d4 cxd4 4. Nxd4 Nf6 5. Nc3 a6 6. Be3 e5 7. Nb3 Be6 8. h3
Be7 9. Qf3 b5 10. g4 b4 11. Nd5 Bxd5 12. exd5 O-O 13. O-O-O Qc7 14. Bd3 Rc8 15.
g5 e4 16. Bxe4 Nxe4 17. Qxe4 a5 18. Nd4 a4 19. Kb1 Bf8 20. Nf5 Nd7 21. Rhg1 Ne5
22. Bd4 b3 23. Rc1 Nc4 24. Nh6+ Kh8 25. Qf5 a3 26. Nxf7+ Qxf7 27. Qxf7 Nd2+ 28.
Ka1 axb2+ 29. Kxb2 Rxa2# 0-1

[Event "OLNN 1617 SSC Rostock - Agon Neumünste"]
[Site "?"]
[Date "2017.02.05"]
[Round "5.1"]
[White "Hagenstein, Frank"]
[Black "Rudolf, Henrik"]
[Result "1-0"]
[WhiteElo "2266"]
[BlackElo "2354"]
[PlyCount "81"]
[EventDate "2017.??.??"]

1. d4 Nf6 2. c4 g6 3. g3 Bg7 4. Bg2 O-O 5. Nc3 d6 6. Nf3 Nbd7 7. O-O e5 8. e4
a6 9. Qc2 exd4 10. Nxd4 Rb8 11. Rd1 Re8 12. h3 c5 13. Nf3 b5 14. Bf4 b4 15.
Bxd6 bxc3 16. Bxb8 Qb6 17. Bf4 Qxb2 18. Ne1 Qxc2 19. Nxc2 Nxe4 20. Re1 f5 21.
f3 Nef6 22. g4 Nb6 23. Bf1 Be6 24. Rab1 Nfd7 25. Bc7 Na4 26. Rb7 Kf7 27. Bf4
Bf6 28. g5 Be7 29. Rd1 Ndb6 30. Ne3 Nb2 31. Rxb6 Nxd1 32. Nxd1 c2 33. Nf2 Rd8
34. Rb2 Rd4 35. Bc1 Bxc4 36. Rxc2 Bd5 37. f4 Ra4 38. a3 c4 39. Nd1 Bxa3 40. Nc3
Bxc1 41. Rxc1 1-0

[Event "OLNN 1617 SSC Rostock - Agon Neumünste"]
[Site "?"]
[Date "2017.02.05"]
[Round "5.2"]
[White "Skibbe, Willi"]
[Black "Parvanyan, Ashot"]
[Result "0-1"]
[WhiteElo "2275"]
[BlackElo "2364"]
[PlyCount "50"]
[EventDate "2017.??.??"]

1. d4 Nf6 2. c4 g6 3. Nc3 Bg7 4. e4 d6 5. Be2 O-O 6. Be3 e5 7. d5 a5 8. g4 Na6
9. g5 Ne8 10. h4 f5 11. Nf3 Nc5 12. Qc2 c6 13. dxc6 bxc6 14. Bxc5 dxc5 15. h5
Nc7 16. hxg6 hxg6 17. Rd1 Qe7 18. Nh4 Qxg5 19. Rd3 f4 20. Rd6 Ne6 21. Qd1 f3
22. Bxf3 Rf4 23. Ng2 Rf7 24. Bg4 Nd4 25. Ne3 Bf8 0-1

[Event "OLNN 1617 SSC Rostock - Agon Neumünste"]
[Site "?"]
[Date "2017.02.05"]
[Round "5.3"]
[White "Wulf von Moers, Jens"]
[Black "Jaster, Robert"]
[Result "1/2-1/2"]
[WhiteElo "2178"]
[BlackElo "2273"]
[PlyCount "89"]
[EventDate "2017.??.??"]

1. e4 c6 2. d4 d5 3. exd5 cxd5 4. Bd3 Nc6 5. c3 Qc7 6. Ne2 Bg4 7. f3 Bd7 8. Bf4
e5 9. dxe5 Nxe5 10. Bc2 Nf6 11. Ba4 Bd6 12. Bxd7+ Qxd7 13. O-O O-O 14. Nd4 Rfe8
15. Nd2 h6 16. Bg3 Rad8 17. Qc2 Nc6 18. N2b3 Bxg3 19. hxg3 Re5 20. Rae1 Rg5 21.
g4 h5 22. Qd2 Nh7 23. Qf4 hxg4 24. Nc5 Qc8 25. fxg4 Rf8 26. Nf5 b6 27. Nd3 g6
28. Ne3 Qd7 29. Nf2 Re8 30. Nc2 Rge5 31. Rxe5 Nxe5 32. Rd1 g5 33. Qf5 Qxf5 34.
gxf5 Nf6 35. Nh3 g4 36. Nf4 Nc4 37. b3 Ne3 38. Nxe3 Rxe3 39. Nxd5 Nxd5 40. Rxd5
Rxc3 41. f6 g3 42. Kf1 Re3 43. Rg5+ Kf8 44. Rd5 Ke8 45. Rd6 1/2-1/2

[Event "OLNN 1617 SSC Rostock - Agon Neumünste"]
[Site "?"]
[Date "2017.02.05"]
[Round "5.4"]
[White "Pererva, Viktor"]
[Black "Menzel, Ralf"]
[Result "1-0"]
[WhiteElo "2085"]
[BlackElo "2208"]
[PlyCount "85"]
[EventDate "2017.??.??"]

1. e4 e6 2. d4 d5 3. Nc3 Bb4 4. Nge2 dxe4 5. a3 Bxc3+ 6. Nxc3 f5 7. f3 exf3 8.
Qxf3 Nf6 9. Bf4 O-O 10. O-O-O Nc6 11. Bc4 Nxd4 12. Qf2 c5 13. Nb5 Ne4 14. Qe3
Qf6 15. Nc7 Rb8 16. Ne8 Rxe8 17. Bxb8 b5 18. Ba2 Bb7 19. Bxa7 f4 20. Qe1 Ra8
21. c3 Nf5 22. Bb1 Ne3 23. Bxe4 Bxe4 24. Bxc5 Bxg2 25. Bxe3 fxe3 26. Rg1 Qf3
27. Rd3 b4 28. cxb4 Rc8+ 29. Rc3 Rc6 30. b5 Rxc3+ 31. Qxc3 Qf2 32. Qe1 Bh3 33.
b6 Qf3 34. Qc3 g6 35. Qc8+ Kg7 36. Qc7+ Kh6 37. b7 e2 38. b8=Q Qe3+ 39. Kb1
Qxg1+ 40. Ka2 e1=Q 41. Qf8+ Kh5 42. Qxh7+ Kg5 43. Qhh6+ 1-0

[Event "OLNN 1617 SSC Rostock - Agon Neumünste"]
[Site "?"]
[Date "2017.02.05"]
[Round "5.5"]
[White "Kopylov, Luba"]
[Black "Mangold, Thomas"]
[Result "1/2-1/2"]
[WhiteElo "2137"]
[BlackElo "1984"]
[PlyCount "88"]
[EventDate "2017.??.??"]

1. d4 Nf6 2. c4 c5 3. d5 b5 4. cxb5 a6 5. b6 d6 6. Nc3 Nbd7 7. a4 Qxb6 8. a5
Qa7 9. e4 Rb8 10. Nf3 g6 11. Be2 Bg7 12. Nd2 O-O 13. O-O Ne5 14. Kh1 g5 15. Na4
Rb4 16. Qc2 Bd7 17. Nb6 Bb5 18. Ndc4 Nxc4 19. Nxc4 Bxc4 20. Bxc4 Rfb8 21. Ra3
h6 22. Rg3 Rxc4 23. Qxc4 Rb4 24. Qc2 Nxe4 25. Rg4 f5 26. f3 fxg4 27. fxe4 Qd7
28. Qf2 e6 29. Qe2 exd5 30. exd5 Rb8 31. Re1 Be5 32. Qd3 Rf8 33. Be3 Qf7 34.
Bg1 g3 35. Qxa6 Qxd5 36. Qe2 Qf7 37. a6 gxh2 38. Bxh2 Bxh2 39. Kxh2 Qf4+ 40. g3
Qf7 41. Kg2 Qd5+ 42. Kh2 Qf7 43. Kg2 Qd5+ 44. Kh2 Qf7 1/2-1/2

[Event "OLNN 1617 SSC Rostock - Agon Neumünste"]
[Site "?"]
[Date "2017.02.05"]
[Round "5.6"]
[White "Engel, Gunnar"]
[Black "Neumann, Joachim"]
[Result "1/2-1/2"]
[WhiteElo "2068"]
[BlackElo "2069"]
[PlyCount "91"]
[EventDate "2017.??.??"]

1. d4 Nf6 2. c4 e6 3. g3 d5 4. Nf3 Bb4+ 5. Bd2 Be7 6. Bg2 O-O 7. O-O c6 8. Qc2
b6 9. b3 Bb7 10. Bc3 Nbd7 11. Nbd2 c5 12. dxc5 Nxc5 13. Rad1 Qc8 14. Qb2 Rd8
15. Rc1 Qd7 16. Ne5 Qe8 17. Nd3 Nxd3 18. exd3 Qd7 19. Nf3 Rac8 20. a3 Qd6 21.
Rfe1 a5 22. Ra1 Qb8 23. Nd4 Bf8 24. Bh3 Re8 25. Nb5 Nd7 26. Bd2 Ba8 27. Bf4 Qb7
28. Bg2 Nc5 29. Rad1 Qd7 30. b4 axb4 31. axb4 Na6 32. Be5 Nxb4 33. Bxg7 Bxg7
34. Qxb4 Bc6 35. Nc3 dxc4 36. dxc4 Qe7 37. Qxe7 Rxe7 38. Bxc6 Rxc6 39. Rd8+ Bf8
40. Nd5 Ra7 41. Nf6+ Kg7 42. Nh5+ Kh6 43. Rxf8 Kxh5 44. Re4 f5 45. g4+ Kg6 46.
gxf5+ 1/2-1/2

[Event "OLNN 1617 SSC Rostock - Agon Neumünste"]
[Site "?"]
[Date "2017.02.05"]
[Round "5.7"]
[White "Grohde, Wolfgang"]
[Black "Celmer, Ole"]
[Result "1/2-1/2"]
[WhiteElo "2087"]
[BlackElo "1917"]
[PlyCount "101"]
[EventDate "2017.??.??"]

1. d4 Nf6 2. Nf3 e6 3. g3 b6 4. Bg2 Bb7 5. O-O Be7 6. c4 O-O 7. Nc3 c5 8. d5 d6
9. e4 exd5 10. exd5 Nbd7 11. Re1 Re8 12. h3 Nf8 13. Qc2 Ng6 14. b3 Bc8 15. Bb2
Bd7 16. a4 Qc8 17. Kh2 Bf5 18. Qd2 h5 19. Re2 h4 20. Nxh4 Nxh4 21. gxh4 Nh5 22.
Rae1 Qd7 23. Bf3 Bg6 24. Bg4 f5 25. Bf3 Bxh4 26. Rg1 Qf7 27. Nb5 Rxe2 28. Qxe2
Rd8 29. Qe6 Qxe6 30. dxe6 Nf4 31. Rd1 Nxe6 32. Bd5 Bf7 33. Rg1 g5 34. Bxe6 Bxe6
35. Bf6 Rd7 36. f4 a6 37. Nc3 d5 38. cxd5 Bxd5 39. Bxg5 Bxg5 40. Rxg5+ Kh7 41.
Rh5+ Kg6 42. Rg5+ Kf6 43. Rh5 Bxb3 44. Rh6+ Ke7 45. Rxb6 Rd2+ 46. Kg1 Bc4 47.
a5 Rd3 48. Na4 Rxh3 49. Nxc5 Ra3 50. Nxa6 Rxa5 51. Nb4 1/2-1/2

[Event "OLNN 1617 SSC Rostock - Agon Neumünste"]
[Site "?"]
[Date "2017.02.05"]
[Round "5.8"]
[White "Moritz, Hartmut"]
[Black "Haffner, Alexander"]
[Result "0-1"]
[WhiteElo "1927"]
[BlackElo "2108"]
[PlyCount "94"]
[EventDate "2017.??.??"]

1. e4 g6 2. d4 Bg7 3. f4 d6 4. Nf3 Bg4 5. c3 Nd7 6. Bc4 e6 7. Be3 Ne7 8. Bb3 d5
9. Nbd2 dxe4 10. Nxe4 O-O 11. h3 Bxf3 12. Qxf3 a5 13. a3 Nd5 14. O-O Nxe3 15.
Qxe3 c6 16. Rae1 Qb6 17. Nd2 Nf6 18. Rf2 a4 19. Ba2 Nd5 20. Nc4 Qc7 21. Qf3 c5
22. dxc5 Qxc5 23. Ne5 Rad8 24. g3 Rd6 25. Kg2 b5 26. Rfe2 Rfd8 27. g4 Bxe5 28.
Rxe5 Qc6 29. Kg3 Qc7 30. Bxd5 Rxd5 31. Rxd5 Rxd5 32. Rd1 Rxd1 33. Qxd1 g5 34.
Qf1 Qxf4+ 35. Qxf4 gxf4+ 36. Kxf4 Kg7 37. Ke5 Kg6 38. Kd4 Kg5 39. c4 bxc4 40.
Kxc4 f5 41. gxf5 exf5 42. b4 axb3 43. Kxb3 f4 44. Kc2 Kh4 45. a4 f3 46. Kd2 Kg3
47. Ke1 Kg2 0-1

[Event "OLNN 1617 FC St. Pauli - Schachfreunde"]
[Site "?"]
[Date "2017.02.05"]
[Round "5.1"]
[White "Sawatzki, Frank"]
[Black "Socko, Monika"]
[Result "1/2-1/2"]
[WhiteElo "2344"]
[BlackElo "2452"]
[PlyCount "86"]
[EventDate "2017.??.??"]

1. e4 c5 2. Nf3 Nc6 3. Bb5 e6 4. O-O Nge7 5. c3 a6 6. Ba4 b5 7. Bc2 c4 8. Re1
Ng6 9. d4 cxd3 10. Bxd3 Bb7 11. Nbd2 Nce5 12. Nxe5 Nxe5 13. Nf3 Nxd3 14. Qxd3
Be7 15. a4 bxa4 16. Rxa4 d6 17. Rd4 Qc7 18. e5 Rd8 19. Bf4 d5 20. b4 Rc8 21.
Bd2 O-O 22. Rg4 f5 23. exf6 Bxf6 24. Nd4 e5 25. Ne6 Qd7 26. Nxf8 Rxf8 27. h3
Qf7 28. Be3 h5 29. Rg6 e4 30. Rxf6 Qxf6 31. Qd2 Qf5 32. Bd4 Re8 33. Re3 Re6 34.
Rg3 Rg6 35. Rxg6 Qxg6 36. Qf4 Qf7 37. Qg5 Kh7 38. Kh2 Bc6 39. Kg1 Bb7 40. Kf1
Bc6 41. Ke2 Qg6 42. Qxg6+ Kxg6 43. h4 Kf7 1/2-1/2

[Event "OLNN 1617 FC St. Pauli - Schachfreunde"]
[Site "?"]
[Date "2017.02.05"]
[Round "5.2"]
[White "Feuerstack, Aljoscha"]
[Black "Bokelbrink, Uwe"]
[Result "1-0"]
[WhiteElo "2449"]
[BlackElo "2312"]
[PlyCount "57"]
[EventDate "2017.??.??"]

1. e4 c5 2. Nf3 Nc6 3. c3 e5 4. Bc4 Nf6 5. O-O Be7 6. d4 cxd4 7. cxd4 d6 8. d5
Nb8 9. Nc3 O-O 10. h3 Nbd7 11. Be3 Nh5 12. a4 g6 13. a5 f5 14. a6 bxa6 15. exf5
gxf5 16. Bxa6 Ng7 17. Nb5 Nf6 18. Nxe5 dxe5 19. d6 Be6 20. Bc5 Bxd6 21. Bxd6
Rf7 22. Bxe5 Rd7 23. Qc1 Ne4 24. Nc7 Nd2 25. Re1 Nb3 26. Nxe6 Qb6 27. Qh6 Nxa1
28. Bc4 Re8 29. Ng5+ 1-0

[Event "OLNN 1617 FC St. Pauli - Schachfreunde"]
[Site "?"]
[Date "2017.02.05"]
[Round "5.3"]
[White "Ritscher, Jan-Paul"]
[Black "Michna, Marta"]
[Result "0-1"]
[WhiteElo "2259"]
[BlackElo "2388"]
[PlyCount "46"]
[EventDate "2017.??.??"]

1. d4 e6 2. Bf4 c5 3. e3 cxd4 4. exd4 Qb6 5. Nc3 Nf6 6. Bc4 Qxb2 7. Nge2 Qb4 8.
Qd3 d5 9. Bb5+ Nc6 10. Rb1 Qa5 11. O-O Qd8 12. Na4 Bd6 13. Nc5 O-O 14. Ba4 Bxf4
15. Bxc6 Bxh2+ 16. Kxh2 Qd6+ 17. g3 Qxc6 18. Kg2 b6 19. Nb3 a5 20. Nbc1 Ba6 21.
Qb3 Rfc8 22. c3 Ne4 23. Rd1 a4 0-1

[Event "OLNN 1617 FC St. Pauli - Schachfreunde"]
[Site "?"]
[Date "2017.02.05"]
[Round "5.4"]
[White "Voigt, Martin"]
[Black "Hermesmann, Hans"]
[Result "1/2-1/2"]
[WhiteElo "2340"]
[BlackElo "2278"]
[PlyCount "80"]
[EventDate "2017.??.??"]

1. e4 c5 2. Nf3 e6 3. d4 cxd4 4. Nxd4 Nc6 5. Nc3 Nge7 6. Ndb5 Ng6 7. Nd6+ Bxd6
8. Qxd6 Qe7 9. Qg3 Nb4 10. Bd3 Nxd3+ 11. cxd3 O-O 12. h4 f5 13. f4 Nh8 14. Be3
b5 15. exf5 b4 16. f6 Rxf6 17. Ne4 Rf5 18. Rc1 d6 19. Bd4 Ng6 20. O-O Bb7 21.
Qg4 Rd5 22. h5 Rxd4 23. hxg6 Bxe4 24. dxe4 Rxe4 25. Qf3 d5 26. gxh7+ Kxh7 27.
f5 Qf6 28. fxe6 Qd4+ 29. Qf2 Qe5 30. Qf5+ Qxf5 31. Rxf5 Rd8 32. Rc7 Rxe6 33.
Rff7 Rg6 34. Rcd7 Rc8 35. Rxd5 Rc2 36. Rf2 Rc1+ 37. Kh2 Rh6+ 38. Kg3 Rg6+ 39.
Kh2 Rh6+ 40. Kg3 Rg6+ 1/2-1/2

[Event "OLNN 1617 FC St. Pauli - Schachfreunde"]
[Site "?"]
[Date "2017.02.05"]
[Round "5.5"]
[White "Kluenger, Marc"]
[Black "Krause, Jonah"]
[Result "1/2-1/2"]
[WhiteElo "2220"]
[BlackElo "2305"]
[PlyCount "47"]
[EventDate "2017.??.??"]

1. Nf3 Nf6 2. c4 g6 3. b4 Bg7 4. Bb2 Na6 5. Qb3 O-O 6. Nc3 b6 7. g3 Bb7 8. Bg2
c5 9. a3 e6 10. O-O Qe7 11. d4 cxb4 12. axb4 Qxb4 13. Qxb4 Nxb4 14. Ba3 a5 15.
Rab1 Bxf3 16. Bxf3 Rac8 17. Bxb4 axb4 18. Rxb4 d5 19. Na4 Rxc4 20. Rxc4 dxc4
21. Nxb6 c3 22. Rc1 Rb8 23. Na4 Rb4 24. Nxc3 1/2-1/2

[Event "OLNN 1617 FC St. Pauli - Schachfreunde"]
[Site "?"]
[Date "2017.02.05"]
[Round "5.6"]
[White "Breyther, Ruediger"]
[Black "Jaeckle, Marco"]
[Result "1/2-1/2"]
[WhiteElo "2262"]
[BlackElo "2215"]
[PlyCount "99"]
[EventDate "2017.??.??"]

1. e4 e6 2. d4 d5 3. Nd2 Nf6 4. e5 Nfd7 5. c3 c5 6. Bd3 Nc6 7. Ne2 cxd4 8. cxd4
f6 9. exf6 Nxf6 10. Nf3 Bd6 11. O-O Qc7 12. h3 O-O 13. Be3 a6 14. Rc1 Bd7 15.
Re1 Rae8 16. a3 Qb8 17. Bb1 Re7 18. Qd2 Nh5 19. Ng5 g6 20. Rf1 Nf4 21. Nxf4
Bxf4 22. Rcd1 h6 23. Nf3 g5 24. Rfe1 Be8 25. Bxf4 Rxf4 26. Ne5 Nxd4 27. Qe3 Nc6
28. g3 Qxe5 29. Qxe5 Nxe5 30. Rxe5 Rff7 31. Rde1 Bd7 32. Bf5 Kg7 33. Bxe6 Bxe6
34. Rxe6 Rd7 35. Rd1 Rf6 36. Re5 Rfd6 37. Rd4 Kf6 38. f4 gxf4 39. gxf4 Rg7+ 40.
Kf2 Rg5 41. Rxg5 hxg5 42. fxg5+ Kxg5 43. Ke3 Kf5 44. Rb4 Ke5 45. Rxb7 Rh6 46.
Re7+ Kd6 47. Ra7 Kc5 48. Rc7+ Kd6 49. Ra7 Kc5 50. Rc7+ 1/2-1/2

[Event "OLNN 1617 FC St. Pauli - Schachfreunde"]
[Site "?"]
[Date "2017.02.05"]
[Round "5.7"]
[White "Kull, Florian"]
[Black "Perez de Miguel, Alvaro"]
[Result "1-0"]
[WhiteElo "2187"]
[BlackElo "2260"]
[PlyCount "141"]
[EventDate "2017.??.??"]

1. c4 e5 2. Nc3 Nf6 3. Nf3 Nc6 4. e3 Be7 5. b3 O-O 6. Bb2 d6 7. d4 Bf5 8. Be2
h6 9. O-O Re8 10. dxe5 dxe5 11. Qc1 e4 12. Rd1 Qc8 13. Nd4 Nxd4 14. Rxd4 Bd6
15. Rd2 Bg4 16. Nb5 Be5 17. Bxe5 Rxe5 18. Bxg4 Nxg4 19. h3 Nf6 20. Qc3 Rg5 21.
Kf1 a6 22. Nd4 Qe8 23. Ne2 Qc6 24. Rad1 Kh7 25. Nf4 b5 26. Rd4 Rc5 27. Rc1 a5
28. Qc2 Kg8 29. Qd2 Kh7 30. Nd5 bxc4 31. Nxf6+ Qxf6 32. Rxe4 c3 33. Qd3 g6 34.
Rd4 a4 35. b4 Rf5 36. f4 Qe6 37. Rc2 c5 38. Rd6 Qe7 39. g4 c4 40. Qd4 Rb5 41.
Rd7 Qe6 42. a3 Kg8 43. Rxc3 h5 44. Rd6 Qe7 45. g5 Rf5 46. Rxc4 Qxg5 47. Qe4 Rf8
48. Rc5 Qg3 49. Rxf5 Qxh3+ 50. Ke2 Qg4+ 51. Kd2 gxf5 52. Qd5 Kg7 53. Qe5+ Kh7
54. Qe7 Qg7 55. Qg5 Qxg5 56. fxg5 Rc8 57. Rh6+ Kg7 58. Rxh5 Kg6 59. Rh6+ Kxg5
60. Ra6 Kg4 61. Rxa4 Kf3 62. b5 Rd8+ 63. Rd4 Ra8 64. a4 Ra7 65. Rf4+ Kg3 66.
Kc3 Re7 67. Kd3 Rd7+ 68. Kc4 Re7 69. Rxf5 Re4+ 70. Kc5 Rxa4 71. Rxf7 1-0

[Event "OLNN 1617 FC St. Pauli - Schachfreunde"]
[Site "?"]
[Date "2017.02.05"]
[Round "5.8"]
[White "Stenner, Patrick"]
[Black "Gremmel, Jonas Simon"]
[Result "1-0"]
[WhiteElo "2214"]
[BlackElo "1834"]
[PlyCount "71"]
[EventDate "2017.??.??"]

1. e4 e5 2. d4 exd4 3. Nf3 Nc6 4. Nxd4 g6 5. Nc3 Bg7 6. Be3 Nge7 7. Nde2 d6 8.
h3 O-O 9. g4 Ne5 10. Ng3 Be6 11. Bg2 Nc4 12. Bc1 Bxc3+ 13. bxc3 d5 14. Bh6 dxe4
15. Bxf8 Qxf8 16. Nxe4 Nd5 17. Qd4 Na3 18. Rc1 Nb5 19. Qe5 Qa3 20. O-O Nbxc3
21. Nxc3 Qxc3 22. Rfe1 Qc4 23. a3 Nc3 24. Bxb7 Rd8 25. Ba6 Qc6 26. Bb7 Qc4 27.
Ba6 Qc6 28. Bf1 Rd2 29. Bd3 Nd5 30. Rb1 Nb6 31. Qa5 Qf3 32. Qxd2 Bd5 33. Be4
Qxh3 34. Bxd5 Qxg4+ 35. Bg2 h5 36. Qh6 1-0

[Event "OLNN 1617 Hamburger SK - Königsspringer"]
[Site "?"]
[Date "2017.02.05"]
[Round "5.1"]
[White "Lamprecht, Frank"]
[Black "Uksini, Bardhyl"]
[Result "1/2-1/2"]
[WhiteElo "2383"]
[BlackElo "2327"]
[PlyCount "175"]
[EventDate "2017.??.??"]

1. Nf3 Nf6 2. b3 g6 3. Bb2 Bg7 4. c4 O-O 5. g3 d6 6. d4 c6 7. Bg2 Nbd7 8. O-O
Qc7 9. Nc3 a5 10. Qc2 e5 11. e3 Re8 12. Rad1 exd4 13. exd4 Nb6 14. Qc1 a4 15.
c5 Nbd5 16. Nxa4 Bf5 17. Qc4 Ne4 18. Nd2 dxc5 19. Nxe4 Bxe4 20. Bxe4 Rxe4 21.
Nxc5 Re7 22. a3 Rae8 23. Nd3 Qc8 24. Rde1 Qg4 25. Rxe7 Rxe7 26. Ne5 Qf5 27. Re1
f6 28. Nd3 Rxe1+ 29. Nxe1 Qe4 30. Ng2 Bh6 31. Bc1 Qb1 32. f4 Bf8 33. b4 Kg7 34.
Kf2 Nb6 35. Qc3 Nd5 36. Qd2 Qe4 37. Ne3 Qh1 38. Nxd5 Qxh2+ 39. Kf3 Qh1+ 40. Kf2
Qxd5 41. Qc3 Bd6 42. Be3 h5 43. Ke2 Kf7 44. Bf2 Qe4+ 45. Kf1 Ke6 46. Qb3+ Kf5
47. b5 Kg4 48. bxc6 bxc6 49. a4 Qh1+ 50. Ke2 Qe4+ 51. Kf1 Bc7 52. Qc3 Qh1+ 53.
Ke2 Qd5 54. Kf1 Ba5 55. Qd3 f5 56. Ke2 Qa2+ 57. Kf1 Qd5 58. Ke2 Bb4 59. Kd1
Qf3+ 60. Qe2 Ba5 61. Be1 Bb6 62. Bf2 h4 63. gxh4 Kxf4 64. Ke1 Qxe2+ 65. Kxe2
Ke4 66. Be1 Bxd4 67. a5 Ba7 68. a6 f4 69. Bf2 c5 70. Kf1 Kf3 71. Bg1 Kg3 72.
Bf2+ Kh3 73. Kg1 f3 74. Kf1 Kg4 75. Ke1 Kf4 76. Kd2 Ke4 77. Kc3 Kd5 78. Bg1 Kc6
79. Kc4 Kb6 80. Bxc5+ Kxa6 81. Bxa7 Kxa7 82. Kd3 Kb6 83. Ke3 Kc6 84. Kxf3 Kd6
85. Kf4 Ke6 86. Kg4 Kf7 87. h5 gxh5+ 88. Kxh5 1/2-1/2

[Event "OLNN 1617 Hamburger SK - Königsspringer"]
[Site "?"]
[Date "2017.02.05"]
[Round "5.2"]
[White "Bente, Bjoern"]
[Black "Pfreundt, Jakob"]
[Result "1/2-1/2"]
[WhiteElo "2294"]
[BlackElo "2347"]
[PlyCount "120"]
[EventDate "2017.??.??"]

1. e4 e5 2. Nf3 Nc6 3. d4 exd4 4. Nxd4 Nf6 5. Nc3 Bb4 6. Nxc6 bxc6 7. Bd3 d5 8.
exd5 cxd5 9. Qe2+ Be7 10. O-O O-O 11. Bg5 Rb8 12. Rfc1 Be6 13. Nb5 c5 14. c4 a6
15. Nc3 d4 16. Nd5 Nxd5 17. cxd5 Bxg5 18. dxe6 fxe6 19. Qxe6+ Kh8 20. Qh3 Bh6
21. Rc2 Qf6 22. Re1 a5 23. Qg3 Qf4 24. b3 Rbc8 25. Ree2 Rc7 26. Re6 Qxg3 27.
hxg3 Ra8 28. Re5 Rac8 29. Bf5 Rd8 30. Rexc5 Rxc5 31. Rxc5 Bd2 32. Bd3 Bb4 33.
Rh5 h6 34. g4 Bd2 35. g3 Kg8 36. Kf1 Re8 37. Bc4+ Kh7 38. Rd5 Bc3 39. Bd3+ Kg8
40. Bg6 Re1+ 41. Kg2 Kf8 42. Rd7 Re6 43. Bd3 Re7 44. Rd5 Re6 45. g5 hxg5 46.
Rxg5 Re1 47. Rf5+ Ke7 48. Bc4 Kd6 49. Rf7 Rd1 50. Rf5 Kc6 51. Rd5 Be1 52. Kf1
Bc3+ 53. Kg2 Be1 54. a4 Bb4 55. f4 d3 56. Rxd3 Rxd3 57. Bxd3 Kd6 58. Kf3 Ke7
59. Ke4 g5 60. f5 Kf6 1/2-1/2

[Event "OLNN 1617 Hamburger SK - Königsspringer"]
[Site "?"]
[Date "2017.02.05"]
[Round "5.3"]
[White "Zimmermann, Julian"]
[Black "Lindinger, Markus"]
[Result "1/2-1/2"]
[WhiteElo "2292"]
[BlackElo "2271"]
[PlyCount "33"]
[EventDate "2017.??.??"]

1. e4 d6 2. g3 g6 3. Bg2 Bg7 4. d4 Nf6 5. Ne2 O-O 6. O-O e5 7. c3 Re8 8. Nd2
Nc6 9. d5 Ne7 10. c4 Nd7 11. b4 a5 12. bxa5 Rxa5 13. Nb3 Ra6 14. Be3 b6 15. a4
Nc5 16. Nxc5 bxc5 17. f3 1/2-1/2

[Event "OLNN 1617 Hamburger SK - Königsspringer"]
[Site "?"]
[Date "2017.02.05"]
[Round "5.4"]
[White "Zieher, Hartmut"]
[Black "Harder, Clemens"]
[Result "1-0"]
[WhiteElo "2282"]
[BlackElo "2183"]
[PlyCount "68"]
[EventDate "2017.??.??"]

1. e4 e5 2. Nf3 Nc6 3. Bb5 a6 4. Ba4 d6 5. c3 Bd7 6. O-O Nge7 7. d4 Ng6 8. Be3
Be7 9. Nbd2 h6 10. Re1 Bg5 11. Nxg5 hxg5 12. Nf1 Nf4 13. d5 Nb8 14. c4 b6 15.
b4 b5 16. Bb3 Qf6 17. a4 bxc4 18. Bxc4 c6 19. dxc6 Bxc6 20. Bxf4 gxf4 21. b5
Bb7 22. bxa6 Nxa6 23. Bb5+ Ke7 24. Ra3 Nc5 25. Nd2 g5 26. Nc4 Nxe4 27. Nb6 Rad8
28. Nd5+ Bxd5 29. Qxd5 Nc5 30. a5 g4 31. a6 Qh6 32. h3 Qg6 33. a7 Ra8 34. Bc6
f3 1-0

[Event "OLNN 1617 Hamburger SK - Königsspringer"]
[Site "?"]
[Date "2017.02.05"]
[Round "5.5"]
[White "Wagner, Friedrich"]
[Black "Gaede, Derek"]
[Result "0-1"]
[WhiteElo "2224"]
[BlackElo "2239"]
[PlyCount "132"]
[EventDate "2017.??.??"]

1. c4 e5 2. g3 Nf6 3. Bg2 d5 4. cxd5 Nxd5 5. Qb3 Nb6 6. Qb5+ N8d7 7. Nc3 c6 8.
Qb3 Be7 9. Nf3 O-O 10. O-O Nc5 11. Qc2 f6 12. Rd1 Ne6 13. e3 Qe8 14. b3 Qh5 15.
Bb2 Rd8 16. Re1 Bb4 17. a3 Bf8 18. Rad1 Qf7 19. Ne4 Bd7 20. d3 Rac8 21. Re2 c5
22. Nc3 Bc6 23. a4 Nd5 24. Nxd5 Bxd5 25. Nd2 Bxg2 26. Kxg2 Qd7 27. Nc4 b5 28.
axb5 Qxb5 29. Ra1 Rb8 30. Rxa7 Qxb3 31. Ra3 Qb7+ 32. f3 Ng5 33. e4 Qd7 34. Rf2
Qh3+ 35. Kg1 Qh5 36. Kg2 Qh3+ 37. Kh1 Rb7 38. Qe2 Rdb8 39. Ra1 Rb3 40. Rd1 Ne6
41. f4 exf4 42. gxf4 Rd8 43. Rf3 Qh4 44. Qf1 Qh5 45. Rd2 f5 46. Rh3 Qg4 47. Rg3
Qh5 48. Rh3 Qf7 49. Ne5 Qb7 50. Nc4 Rb4 51. Bc3 Rb1 52. Rd1 Rxd1 53. Qxd1 fxe4
54. Kg1 Nxf4 55. Re3 Rxd3 56. Qg4 Rxe3 57. Nxe3 Qb1+ 58. Nf1 Ng6 59. h4 Qd3 60.
Bd2 Qd5 61. Bg5 Ne5 62. Qg3 Nf3+ 63. Kg2 Nxg5 64. hxg5 e3+ 65. Kg1 e2 66. Ne3
Qd1+ 0-1

[Event "OLNN 1617 Hamburger SK - Königsspringer"]
[Site "?"]
[Date "2017.02.05"]
[Round "5.6"]
[White "Hinrichs, Lars"]
[Black "Lampe, Joerg"]
[Result "1-0"]
[WhiteElo "2174"]
[BlackElo "2158"]
[PlyCount "61"]
[EventDate "2017.??.??"]

1. e4 c5 2. Nf3 e6 3. g3 Nc6 4. Bg2 Nf6 5. Qe2 Be7 6. O-O d6 7. c3 O-O 8. d4 d5
9. e5 Ne4 10. Rd1 Bd7 11. Ne1 cxd4 12. cxd4 f5 13. f3 Ng5 14. Be3 Qb6 15. Nc3
Na5 16. b3 Rac8 17. Rac1 Rc7 18. Nd3 Ba3 19. Nxd5 exd5 20. Rxc7 Qxc7 21. Bxg5
Bb5 22. Be3 Nc6 23. Qc2 Bxd3 24. Qxd3 Nb4 25. Qe2 Rc8 26. f4 Qd7 27. Bf2 Rc2
28. e6 Qc6 29. Qe5 Rxf2 30. Qb8+ Qc8 31. Qxc8# 1-0